The relationship between development plans , development control and appeals: a report on a research project (Record no. 91499)

MARC details
000 -LEADER
fixed length control field 00891cam a2200241 4500
008 - FIXED-LENGTH DATA ELEMENTS--GENERAL INFORMATION
fixed length control field 090401t1986 xxu||||| |||| 00| 0 eng d
020 ## - INTERNATIONAL STANDARD BOOK NUMBER
International Standard Book Number 0704908425
035 ## - SYSTEM CONTROL NUMBER
System control number (Sirsi) u44352
041 ## - LANGUAGE CODE
Language code of text/sound track or separate title eng
050 ## - LIBRARY OF CONGRESS CALL NUMBER
Classification number 711.1
100 ## - MAIN ENTRY--PERSONAL NAME
Personal name Davies, H.W.E.
245 #4 - TITLE STATEMENT
Title The relationship between development plans , development control and appeals: a report on a research project
260 ## - PUBLICATION, DISTRIBUTION, ETC.
Place of publication, distribution, etc. Reading
Name of publisher, distributor, etc. University of Reading
Date of publication, distribution, etc. 1986
300 ## - PHYSICAL DESCRIPTION
Extent xiv, 89, 19p. ; 30cm.
350 ## - PRICE (NR) (BK AM CF MU VM SE) [OBSOLETE]
Price 25
490 ## - SERIES STATEMENT
Series statement Working Paper
Volume/sequential designation 10 s in Land Management and Development: Environme
520 ## - SUMMARY, ETC.
Summary, etc. Research undertaken by the Joint Centre for Land Development Studies of the University of Reading and the College of Estate Management on behalf of the Department of the Environment .
650 ## - SUBJECT ADDED ENTRY--TOPICAL TERM
Topical term or geographic name entry element PLANNING APPEALS
700 ## - ADDED ENTRY--PERSONAL NAME
Personal name Edwards, D.
700 ## - ADDED ENTRY--PERSONAL NAME
Personal name Rowley, A.R.
942 ## - ADDED ENTRY ELEMENTS (KOHA)
Suppress in OPAC 0
948 ## - LOCAL PROCESSING INFORMATION (OCLC); SERIES PART DESIGNATOR (RLIN)
c (OCLC) 04/03/1997
Holdings
Withdrawn status Lost status Source of classification or shelving scheme Damaged status Not for loan Home library Current library Shelving location Date acquired Cost, normal purchase price Total Checkouts Full call number Barcode Date last seen Date last checked out Copy number Cost, replacement price Price effective from Koha item type
    Dewey Decimal Classification     London London Basement 14/09/1999 25.00 1 BASEMENT 30021525 06/08/2019 12/09/2002 1 25.00 06/08/2019 Book